Statistics for Top ten most drunk US states

Click here to take the quiz!

General Stats

  • This quiz has been taken 25 times
  • The average score is 9 of 10

Answer Stats

HintAnswer% Correct
6thMaine
100%
1stNew Hampshire
100%
2ndVermont
100%
8thWisconsin
95%
3rdMontana
86%
5thNevada
86%
4thNorth Dakota
86%
10thPennsylvania
82%
9thHawaii
73%
7thDelaware
59%

Score Distribution

Percentile by Number Answered

Percent of People with Each Score

Your Score History

You have not taken this quiz